[Event "FICGS class C 000351 email"]
[Site "FICGS email"]
[Date "2022.02.06"]
[Round "1"]
[White "Talek, Jan"]
[Black "Benes, Jiri"]
[Result "1-0"]
[WhiteElo "2000"]
[BlackElo "1800"]
[PlyCount "23"]
[EventDate "2022.??.??"]
[EventType "tourn (corr)"]
[EventRounds "1"]
[SourceTitle "Corr 2024"]
[Source "ChessBase"]
[SourceDate "2023.10.19"]
[SourceVersion "1"]
[SourceVersionDate "2023.10.19"]
[SourceQuality "1"]

1. b3 e5 2. Bb2 Nc6 3. e3 f6 4. c4 d5 5. cxd5 Qxd5 6. Nf3 f5 7. Nc3 Qd8 8. d4 exd4 9. exd4 Bd6 10. d5 Ne5 11. Nxe5 Bxe5 12. Bc4 1-0